Political Parties of Japan - Statistics

General Stats
  • This quiz has been taken 21 times
  • The average score is 9 of 13
Answer Stats
Seats in Parliament (Hint) Answer % Correct
R:197/465C: 113/248 Liberal Democratic Party of Japan (LDP)
100%
R: 38/456C: 18/248 Japanese Innovation Party (ISHIN)
93%
R:149/456C: 40/248 Constitutional Democratic Party of Japan (CDP)
87%
R: 24/456C: 27/248 New Komeito Party (KOMEITO)
87%
R: 9/456C: 5/248 Reiwa Shinsengumi (REIWA)
87%
R: 3/456C: 0/248 Conservative Party of Japan (CPJ)
73%
R: 8/456C: 11/248 Japanese Communist Party (JCP)
73%
R: 28/456C: 11/248 Democratic Party for the People (DPP)
67%
R: 3/456C: 1/248 Sanseito (SAN/DIY)
67%
R: 1/456C: 2/248 Social Democratic Party of Japan (SDP)
60%
R: 0/456C: 2/248 The Party to Protect the People from the NHK (NHK)
47%
R: 0/456C: 2/248 Okinawa Social Mass Party (OSMP)
20%
R: 4/456C: 0/248 Yushi No Kai Association (YNK)
13%
No matching quizzes found
Score Distribution
Percent of People with Each Score
Percentile by Number Answered
Your Score History
You have not taken this quiz